LIBRARY ONLINE CATALOGUE

2 Corinthians / (Record no. 21234)

MARC details
000 -LEADER
fixed length control field 01242cam a2200361 a 4500
001 - CONTROL NUMBER
control field 4925422
003 - CONTROL NUMBER IDENTIFIER
control field OSt
005 - DATE AND TIME OF LATEST TRANSACTION
control field 20260213160521.0
008 - FIXED-LENGTH DATA ELEMENTS--GENERAL INFORMATION
fixed length control field 950614s1995 ilu 000 0 eng
010 ## - LIBRARY OF CONGRESS CONTROL NUMBER
LC control number 95024322
020 ## - INTERNATIONAL STANDARD BOOK NUMBER
International Standard Book Number 0891078681
020 ## - INTERNATIONAL STANDARD BOOK NUMBER
International Standard Book Number 9780891078685
035 ## - SYSTEM CONTROL NUMBER
System control number 4925422
040 ## - CATALOGING SOURCE
Original cataloging agency DLC
Transcribing agency DLC
Modifying agency DLC
050 00 - LIBRARY OF CONGRESS CALL NUMBER
Classification number BS2675.3
Item number .H62 1995
082 00 - DEWEY DECIMAL CLASSIFICATION NUMBER
Classification number 227/.307
Edition number 20
100 1# - MAIN ENTRY--PERSONAL NAME
Personal name Hodge, Charles,
Dates associated with a name 1797-1878.
245 10 - TITLE STATEMENT
Title 2 Corinthians /
Statement of responsibility, etc. by Charles Hodge.
246 3# - VARYING FORM OF TITLE
Title proper/short title Second Corinthians
260 ## - PUBLICATION, DISTRIBUTION, ETC. (IMPRINT)
Place of publication, distribution, etc. Wheaton, Ill. :
Name of publisher, distributor, etc. Crossway Books,
Date of publication, distribution, etc. 1995.
300 ## - PHYSICAL DESCRIPTION
Extent 240 p. ;
Dimensions 22 cm.
336 ## - CONTENT TYPE
Content type term text
Content type code txt
Source rdacontent
337 ## - MEDIA TYPE
Media type term unmediated
Media type code n
Source rdamedia
338 ## - CARRIER TYPE
Carrier type term volume
Carrier type code nc
Source rdacarrier
440 #0 - SERIES STATEMENT/ADDED ENTRY--TITLE
Title Crossway classic commentaries
630 00 - SUBJECT ADDED ENTRY--UNIFORM TITLE
Uniform title Bible.
Name of part/section of a work Corinthians, 2nd
General subdivision Commentaries.
730 02 - ADDED ENTRY--UNIFORM TITLE
Uniform title Bible.
Name of part/section of a work Corinthians, 2nd.
Language of a work English.
Version New International.
Date of a work 1995.
856 42 - ELECTRONIC LOCATION AND ACCESS
Materials specified Publisher description
Uniform Resource Identifier <a href="http://www.loc.gov/catdir/enhancements/fy0912/95024322-d.html">http://www.loc.gov/catdir/enhancements/fy0912/95024322-d.html</a>
906 ## - LOCAL DATA ELEMENT F, LDF (RLIN)
a 7
b cbc
c orignew
d 1
e ocip
f 19
g y-gencatlg
942 ## - ADDED ENTRY ELEMENTS (KOHA)
Source of classification or shelving scheme Library of Congress Classification
Koha item type General Collection
Holdings
Withdrawn status Lost status Source of classification or shelving scheme Not for loan Home library Current library Shelving location Date acquired Source of acquisition Inventory number Total Checkouts Full call number Barcode Date last seen Copy number Price effective from Koha item type
    Library of Congress Classification   Kabarak, Main Campus Kabarak, Main Campus General Stacks 13/02/2026 Donation 2025/3466   BS2675.3 .H62 1995 C.1 38483 13/02/2026 C.1 13/02/2026 General Collection